[Event "East Detroit (MCO/5)"]
[Site "?"]
[Date "1983.??.??"]
[Round "?"]
[White "Thompson, E.."]
[Black "Thomas, Henry"]
[Result "1-0"]
[WhiteElo "1835"]
[BlackElo "1605"]
[PlyCount "43"]
[EventDate "1983.??.??"]

1. Nf3 b6 2. g3 Bb7 3. Bg2 f5 4. O-O Nf6 5. d3 e6 6. Nbd2 Be7 7. b3 d6 8. Bb2
e5 9. Qe1 Qc8 10. Bh3 Ng4 11. e4 O-O 12. Qe2 Qe8 13. exf5 Qh5 14. Nh4 Nf6 15.
Qxh5 Nxh5 16. Ng2 Nc6 17. f4 exf4 18. Nxf4 Nxf4 19. Rxf4 g5 20. fxg6 Rxf4 21.
Be6+ Kf8 22. g7+ 1-0

[Event "East Detroit (MCO/2)"]
[Site "?"]
[Date "1983.??.??"]
[Round "?"]
[White "Thompson, E.."]
[Black "Nolan, Michael"]
[Result "1-0"]
[WhiteElo "1835"]
[BlackElo "1605"]
[PlyCount "69"]
[EventDate "1983.??.??"]

1. Nf3 Nf6 2. g3 d5 3. Bg2 c6 4. O-O g6 5. d3 Bg7 6. Nbd2 O-O 7. Rb1 Re8 8. b3
Qa5 9. Bb2 Qxa2 10. e4 Qa5 11. e5 Nh5 12. Ra1 Qc7 13. d4 Bh6 14. Nh4 Ng7 15. f4
Nf5 16. Nxf5 Bxf5 17. g4 Bc8 18. f5 g5 19. Qf3 f6 20. Qh3 Bg7 21. e6 c5 22.
Bxd5 cxd4 23. Bxd4 Qxc2 24. Qh5 Rf8 25. Ne4 Nc6 26. Rac1 Qd3 27. Rfd1 Qb5 28.
Bc5 Rd8 29. Bxe7 Nxe7 30. Nxf6+ Bxf6 31. Qf7+ Kh8 32. Qxf6+ Kg8 33. Qxe7 Rxd5
34. Qf7+ Kh8 35. Qf8# 1-0

[Event "East Detroit (MCO/3)"]
[Site "?"]
[Date "1983.??.??"]
[Round "?"]
[White "Thompson, E.."]
[Black "Murray, David"]
[Result "1/2-1/2"]
[WhiteElo "1835"]
[BlackElo "2060"]
[PlyCount "80"]
[EventDate "1983.??.??"]

1. Nf3 Nf6 2. g3 g6 3. Bg2 Bg7 4. O-O O-O 5. d3 d5 6. Nbd2 Nc6 7. e4 dxe4 8.
dxe4 e5 9. c3 Qe7 10. Qc2 Nh5 11. Nh4 Be6 12. b3 Rad8 13. Ndf3 h6 14. a4 Qd7
15. Ba3 Rfe8 16. Rfd1 Qc8 17. Rxd8 Rxd8 18. Rd1 Rxd1+ 19. Qxd1 Qd8 20. Qxd8+
Nxd8 21. Nd2 Nc6 22. Bf1 Nf6 23. Nhf3 Nd7 24. Bc4 Bxc4 25. Nxc4 a6 26. Ne3 Nb6
27. Nd2 Bf8 28. Bxf8 Kxf8 29. Nd5 Nxd5 30. exd5 Ne7 31. c4 Nf5 32. f3 Ke7 33.
Kf2 Kd6 34. Ne4+ Ke7 35. Nc5 Nd6 36. Ke3 a5 37. g4 b6 38. Nd3 f6 39. Ke2 g5 40.
Ke3 Nb7 1/2-1/2

[Event "Ann Arbor (MI Op/4)"]
[Site "?"]
[Date "1983.??.??"]
[Round "?"]
[White "Thompson, Dexter"]
[Black "Rogan, M.."]
[Result "1/2-1/2"]
[WhiteElo "2015"]
[BlackElo "2135"]
[PlyCount "95"]
[EventDate "1983.??.??"]

1. e4 e6 2. d4 d5 3. e5 c5 4. c3 Nc6 5. Nf3 f6 6. Bd3 fxe5 7. Nxe5 Nf6 8. Nxc6
bxc6 9. Bg5 Rb8 10. Qc2 Qc7 11. O-O c4 12. Be2 Bd6 13. f4 O-O 14. Nd2 Bd7 15.
b3 cxb3 16. axb3 c5 17. Bd3 h6 18. Bxf6 Rxf6 19. g3 Qb6 20. Ra6 Qc7 21. Rfa1
Rb7 22. Nf3 Be8 23. Ne5 cxd4 24. cxd4 Qxc2 25. Bxc2 Bb8 26. Ng4 Rf8 27. Rxe6
Rb4 28. Rd1 Bh5 29. h3 Bc7 30. Ra6 Bb6 31. Ra4 Rxa4 32. bxa4 Rc8 33. Bb3 Bf7
34. Ne5 Rc3 35. Rd3 Bxd4+ 36. Rxd4 Rxg3+ 37. Kh2 Rxb3 38. Nxf7 Kxf7 39. Rxd5
Rb4 40. Rd7+ Kf6 41. Rxa7 Rxf4 42. Kg3 g5 43. a5 Ra4 44. a6 h5 45. Ra8 Ra3+ 46.
Kf2 g4 47. a7 Kg7 48. hxg4 1/2-1/2

[Event "East Detroit (MCO/2)"]
[Site "?"]
[Date "1983.??.??"]
[Round "?"]
[White "Thompson, Dexter"]
[Black "Levadi, David"]
[Result "1-0"]
[WhiteElo "2105"]
[BlackElo "1795"]
[PlyCount "23"]
[EventDate "1983.??.??"]

1. e4 c5 2. d4 cxd4 3. c3 dxc3 4. Nxc3 Nc6 5. Nf3 d6 6. Bc4 Nf6 7. e5 dxe5 8.
Qxd8+ Nxd8 9. Nb5 Be6 10. Nc7+ Kd7 11. Nxa8 Bxc4 12. Nxe5+ 1-0

[Event "Ann Arbor (MI Op/5)"]
[Site "?"]
[Date "1983.??.??"]
[Round "?"]
[White "Thompson, Dexter"]
[Black "Laren, Philip"]
[Result "1-0"]
[WhiteElo "2015"]
[BlackElo "2155"]
[PlyCount "111"]
[EventDate "1983.??.??"]

1. e4 e6 2. d4 d5 3. e5 c5 4. c3 Qb6 5. Nf3 Bd7 6. Be2 Bb5 7. c4 Bc6 8. O-O Nd7
9. dxc5 Bxc5 10. Nc3 Ne7 11. a3 dxc4 12. Na4 Bxa4 13. Qxa4 Qb3 14. Qxc4 Qxc4
15. Bxc4 Rc8 16. Bb5 Nc6 17. Rd1 Ke7 18. Bg5+ f6 19. Bxc6 bxc6 20. Bh4 Rhd8 21.
Rac1 Bb6 22. Kf1 c5 23. Ke2 h6 24. Bg3 f5 25. Bh4+ g5 26. Nxg5 hxg5 27. Bxg5+
Ke8 28. f4 Nb8 29. Bxd8 Rxd8 30. Rxd8+ Kxd8 31. b4 cxb4 32. axb4 Na6 33. Rc4
Nc7 34. h4 Ke7 35. Kf3 Nd5 36. h5 Kf7 37. h6 Kg6 38. Rc6 Nc7 39. g4 fxg4+ 40.
Kxg4 Kxh6 41. f5 Kg7 42. fxe6 Nd5 43. Rc8 Bf2 44. b5 Ne7 45. Rc3 Bb6 46. Rf3
Bc5 47. Kg5 Nd5 48. Rf7+ Kg8 49. Rd7 Ne3 50. Rc7 Bb4 51. Rxa7 Kf8 52. b6 Bc3
53. Rf7+ Ke8 54. Rf3 Bd2 55. b7 Nd5+ 56. Kg4 1-0

[Event "Ann Arbor (MI Op/7)"]
[Site "?"]
[Date "1983.??.??"]
[Round "?"]
[White "Thompson, Dexter"]
[Black "Finegold, Ben"]
[Result "1-0"]
[WhiteElo "2015"]
[BlackElo "2145"]
[PlyCount "153"]
[EventDate "1983.??.??"]

1. e4 a6 2. d4 b5 3. c4 Bb7 4. d5 bxc4 5. Bxc4 e6 6. dxe6 fxe6 7. Qh5+ g6 8.
Qe5 Nf6 9. Nc3 Nc6 10. Qg3 d5 11. exd5 exd5 12. Bd3 Bg7 13. Bf4 O-O 14. Bxc7
Qe7+ 15. Nge2 Nb4 16. Rd1 Ne8 17. Bb6 d4 18. Bc4+ Kh8 19. O-O dxc3 20. bxc3 Nc6
21. Rd5 Ne5 22. Bc5 Bxd5 23. Bxe7 Nxc4 24. Bxf8 Bxf8 25. Rd1 Nf6 26. Qg5 Be7
27. Rxd5 Nxd5 28. Qg4 Rb8 29. h4 Ndb6 30. a4 a5 31. Nd4 Bf6 32. Qe6 Rf8 33. g3
Kg7 34. h5 gxh5 35. Nf5+ Kg6 36. Ne7+ Kg7 37. Nd5 Nxd5 38. Qxd5 Ne5 39. Qxa5 h4
40. Qc5 Nf3+ 41. Kg2 hxg3 42. Qc7+ Kh8 43. fxg3 Ne1+ 44. Kh3 Nd3 45. a5 Be5 46.
Qd7 Bxc3 47. Qxd3 Bxa5 48. Qd4+ Kg8 49. Qd5+ Rf7 50. Qxa5 Rg7 51. Qe5 Rg6 52.
Qe7 Rh6+ 53. Kg4 Ra6 54. Qe8+ Kg7 55. Qd7+ Kh6 56. Qd2+ Kg7 57. Qd4+ Kh6 58.
Qf4+ Kg7 59. Qe5+ Kg6 60. Qg5+ Kf7 61. Qd5+ Kf8 62. Qc5+ Kg7 63. Qc3+ Kh6 64.
Qc1+ Kg7 65. Qb1 Rg6+ 66. Kf4 Rf6+ 67. Ke5 Rg6 68. Qd3 Kf7 69. Qd7+ Kg8 70. g4
Rg5+ 71. Kf6 Rg6+ 72. Kf5 Rh6 73. Qe8+ Kg7 74. g5 Rg6 75. Qe7+ Kg8 76. Qd8+ Kg7
77. Qe8 1-0

[Event "Ann Arbor (MI Op/2)"]
[Site "?"]
[Date "1983.??.??"]
[Round "?"]
[White "Thompson, Dexter"]
[Black "Byer, L.."]
[Result "0-1"]
[WhiteElo "2015"]
[BlackElo "2150"]
[PlyCount "56"]
[EventDate "1983.??.??"]

1. e4 c6 2. Nc3 d5 3. Nf3 Bg4 4. h3 Bxf3 5. Qxf3 e6 6. d4 dxe4 7. Nxe4 Qxd4 8.
Bd3 Nf6 9. c3 Qd8 10. Bg5 Be7 11. Rd1 Nbd7 12. Bxf6 gxf6 13. Bc4 Qc7 14. Bb3 f5
15. Ng3 O-O-O 16. O-O Nf6 17. Qe2 Kb8 18. Rfe1 Bc5 19. Nf1 Ne4 20. Ne3 Qf4 21.
Bc4 Rxd1 22. Nxd1 Bd6 23. g3 Nxg3 24. fxg3 Qxg3+ 25. Kf1 Rg8 26. Qd2 Qxh3+ 27.
Ke2 Rg2+ 28. Nf2 Rxf2+ 0-1

[Event "East Detroit (MCO/6)"]
[Site "?"]
[Date "1983.??.??"]
[Round "?"]
[White "Thomas, Henry"]
[Black "Patterson, G.."]
[Result "0-1"]
[WhiteElo "1605"]
[BlackElo "1605"]
[PlyCount "52"]
[EventDate "1983.??.??"]

1. f4 d5 2. Nf3 e6 3. b3 c5 4. e3 Nf6 5. Bb2 Be7 6. Be2 Nc6 7. O-O Bd7 8. d3 h5
9. Bxf6 Bxf6 10. Ne5 Nxe5 11. fxe5 Bxe5 12. d4 cxd4 13. exd4 Bc7 14. Nd2 Qg5
15. Nf3 Qe3+ 16. Rf2 h4 17. h3 Bg3 18. Qf1 Rc8 19. Bd3 Ke7 20. Re1 Bxf2+ 21.
Qxf2 Qxf2+ 22. Kxf2 f6 23. a4 g5 24. Nh2 Kd6 25. Kf3 e5 26. Ke3 e4 0-1

[Event "East Detroit (MCO/2)"]
[Site "?"]
[Date "1983.??.??"]
[Round "?"]
[White "Thomas, Henry"]
[Black "Jackson, C.."]
[Result "1-0"]
[WhiteElo "1605"]
[BlackElo "1605"]
[PlyCount "91"]
[EventDate "1983.??.??"]

1. f4 Nf6 2. Nf3 d5 3. b3 Bf5 4. e3 e6 5. h3 Bd6 6. g4 Bg6 7. Bb2 Nc6 8. g5 Ne4
9. Bxg7 Rg8 10. Bb2 Qe7 11. d3 O-O-O 12. dxe4 dxe4 13. Bf6 Bb4+ 14. Nfd2 Qc5
15. Bxd8 Rxd8 16. Kf2 e5 17. Qg4+ Kb8 18. Nc4 Ne7 19. c3 exf4 20. Qxf4 Ba5 21.
b4 Bxb4 22. cxb4 Qxb4 23. Nbd2 Rxd2+ 24. Nxd2 Qxd2+ 25. Be2 Bh5 26. Rhe1 Bf3
27. Rad1 Qxa2 28. Rd8+ Nc8 29. Qf5 Qe6 30. Qxe6 fxe6 31. Bc4 c6 32. Bxe6 Kc7
33. Rxc8+ Kd6 34. Bf5 Kc5 35. Bxh7 b5 36. Rc1+ Kb6 37. R1xc6+ Ka5 38. Ra8 b4
39. Rxa7+ Kb5 40. Rc8 b3 41. Bg8 Kb6 42. Ra1 Kb7 43. Rc4 b2 44. Rb1 Kb6 45.
Rxb2+ Ka5 46. Rc8 1-0

[Event "East Detroit (MCO/4)"]
[Site "?"]
[Date "1983.??.??"]
[Round "?"]
[White "Thomas, Henry"]
[Black "Griffore, G.."]
[Result "1-0"]
[WhiteElo "1605"]
[BlackElo "1605"]
[PlyCount "117"]
[EventDate "1983.??.??"]

1. f4 d5 2. Nf3 Bf5 3. e3 Nf6 4. d3 Nc6 5. b3 e6 6. Be2 Bd6 7. Bb2 Qe7 8. O-O
h6 9. Ne5 O-O 10. Bf3 Nd7 11. Nxd7 Qxd7 12. Qe1 Qe7 13. Qg3 f6 14. e4 dxe4 15.
dxe4 Bh7 16. Kh1 e5 17. f5 Nd4 18. Rf2 Kh8 19. Bh5 Bc5 20. c3 Nb5 21. Rf3 Rad8
22. Rd3 Rd7 23. Nd2 Rfd8 24. Rxd7 Rxd7 25. Nf3 Rd3 26. Rf1 Nxc3 27. Bxc3 Rxc3
28. Bg6 Qd7 29. Bxh7 Kxh7 30. Ng5+ hxg5 31. Qxc3 Bd4 32. Qc4 b5 33. Qe6 Qxe6
34. fxe6 Bc5 35. Rc1 Bd6 36. Rc6 Kg8 37. Ra6 Kf8 38. Rxa7 Ke7 39. a4 bxa4 40.
bxa4 Kxe6 41. a5 Kd7 42. a6 Kc6 43. Rb7 Bc5 44. g3 g4 45. Kg2 g6 46. Rb1 Kd6
47. h3 gxh3+ 48. Kxh3 f5 49. exf5 gxf5 50. Rf1 Ke6 51. Rc1 Be3 52. Rxc7 Kd6 53.
Rf7 Ke6 54. Rg7 Kd5 55. a7 Bxa7 56. Rxa7 e4 57. Ra5+ Kd4 58. Rxf5 e3 59. Rf8
1-0

[Event "East Detroit (MCO/3)"]
[Site "?"]
[Date "1983.??.??"]
[Round "?"]
[White "Thomas, Carlton"]
[Black "Vandenburg, V.E.."]
[Result "1-0"]
[WhiteElo "1965"]
[BlackElo "1645"]
[PlyCount "51"]
[EventDate "1983.??.??"]

1. d4 d5 2. c4 e6 3. Nf3 Be7 4. Nc3 Nf6 5. Bg5 c6 6. e3 Nbd7 7. Bd3 dxc4 8.
Bxc4 b5 9. Bd3 Bb7 10. O-O a6 11. Rc1 Rc8 12. Qe2 Nd5 13. Bxe7 Qxe7 14. Nxd5
cxd5 15. Rxc8+ Bxc8 16. Qc2 Qd8 17. Rc1 Bb7 18. Qc7 Qa8 19. Ng5 Ke7 20. Nxf7
Rc8 21. Qd6+ Ke8 22. Qxe6+ Kf8 23. Rf1 Nf6 24. Nd6 Rc7 25. Nf5 Bc8 26. Qd6+ 1-0

[Event "Ann Arbor (MI Op/4)"]
[Site "?"]
[Date "1983.??.??"]
[Round "?"]
[White "Thomas, Carlton"]
[Black "Proszkow, T.."]
[Result "1-0"]
[WhiteElo "2010"]
[BlackElo "1680"]
[PlyCount "45"]
[EventDate "1983.??.??"]

1. e4 c5 2. Nf3 Nc6 3. Nc3 d6 4. Bc4 Bg4 5. Bxf7+ Kd7 6. h3 Bxf3 7. Qxf3 Ne5 8.
Qf5+ Kc6 9. Bd5+ Kb6 10. b4 c4 11. Bxg8 Rxg8 12. Nd5+ Kc6 13. a4 b6 14. Qxh7 e6
15. Qxg8 exd5 16. Qxd5+ Kc7 17. a5 b5 18. a6 Rb8 19. Bb2 Qg5 20. Bxe5 dxe5 21.
O-O Rb6 22. f4 Qh6 23. fxe5 1-0

[Event "Ann Arbor (MI Op/2)"]
[Site "?"]
[Date "1983.??.??"]
[Round "?"]
[White "Thomas, Carlton"]
[Black "O'Donnell, Robert"]
[Result "0-1"]
[WhiteElo "2010"]
[BlackElo "2140"]
[PlyCount "104"]
[EventDate "1983.??.??"]

1. e4 g6 2. Nc3 Bg7 3. d4 d6 4. Nf3 Nf6 5. Be2 O-O 6. O-O Nc6 7. d5 Nb8 8. Be3
c6 9. Bd4 Nbd7 10. dxc6 bxc6 11. e5 dxe5 12. Nxe5 Nxe5 13. Bxe5 Qa5 14. Qd4 Rd8
15. Qf4 Nh5 16. Bc7 Nxf4 17. Bxa5 Bxc3 18. Bxd8 Nxe2+ 19. Kh1 Bxb2 20. Rab1 Bf6
21. Bc7 Be6 22. Rb8+ Rxb8 23. Bxb8 Bd4 24. a4 Bc4 25. Rb1 Ba6 26. Rd1 e5 27. g3
Nc3 28. Re1 Nxa4 29. Bxe5 Bxe5 30. Rxe5 Bb5 31. Kg2 Kf8 32. Kf3 Nb6 33. Re1 a5
34. Ke4 Ke7 35. f4 Kd6 36. Kd4 c5+ 37. Kc3 Nd5+ 38. Kb2 a4 39. Ka3 c4 40. Re5
Bd7 41. Re2 c3 42. h4 h5 43. Re4 Kc5 44. Re5 Kd4 45. Re1 Ne3 46. Rc1 Bf5 47.
Kxa4 Bxc2+ 48. Ka3 Kd3 49. Ka2 Kd2 50. Rh1 Bd1 51. Rh2+ Be2 52. Rh1 c2 0-1

[Event "Ann Arbor (MI Op/7)"]
[Site "?"]
[Date "1983.??.??"]
[Round "?"]
[White "Thomas, Carlton"]
[Black "Noren, Kevin"]
[Result "0-1"]
[WhiteElo "2010"]
[BlackElo "2150"]
[PlyCount "90"]
[EventDate "1983.??.??"]

1. e4 c5 2. Nf3 e6 3. d4 cxd4 4. Nxd4 Nf6 5. Nc3 Bb4 6. Bd3 e5 7. Nde2 d5 8.
exd5 Nxd5 9. O-O Be6 10. Bb5+ Nc6 11. Ne4 Be7 12. c4 Nc7 13. Qa4 Nxb5 14. cxb5
Qa5 15. Qxa5 Nxa5 16. Be3 Nc4 17. Bc5 Nxb2 18. Rac1 Nd3 19. Rc3 Nxc5 20. Nxc5
Bd5 21. a4 Rd8 22. Ng3 g6 23. h3 O-O 24. Nxb7 Rc8 25. Rxc8 Rxc8 26. Na5 Bb4 27.
Rd1 Rc5 28. Rxd5 Rxd5 29. Nc6 Rd1+ 30. Kh2 Bc5 31. Ne4 Bd4 32. g4 Ra1 33. a5
Rb1 34. Nd6 Bc5 35. Ne7+ Kf8 36. Nec8 Bxf2 37. Kg2 Bc5 38. Kf3 f5 39. gxf5 gxf5
40. a6 Rb3+ 41. Ke2 e4 42. Nxf5 Rb2+ 43. Kd1 Rxb5 44. Nfd6 Bxd6 45. Nxd6 Rd5+
0-1

[Event "Southfield (MEX/2)"]
[Site "?"]
[Date "1983.??.??"]
[Round "?"]
[White "Thomas, Carlton"]
[Black "Laren, Philip"]
[Result "0-1"]
[WhiteElo "2050"]
[BlackElo "2125"]
[PlyCount "32"]
[EventDate "1983.??.??"]

1. e4 d5 2. exd5 Nf6 3. Nf3 Nxd5 4. d4 g6 5. Be2 Bg7 6. O-O O-O 7. c4 Nb6 8.
Nc3 Nc6 9. d5 Ne5 10. Qb3 Nbd7 11. Be3 Nxf3+ 12. Bxf3 Ne5 13. Be4 f5 14. Bc2 f4
15. Bd2 f3 16. g3 Qd7 0-1

[Event "East Detroit (MCO/1)"]
[Site "?"]
[Date "1983.??.??"]
[Round "?"]
[White "Thomas, Carlton"]
[Black "Koteles, M.."]
[Result "1-0"]
[WhiteElo "1965"]
[BlackElo "1605"]
[PlyCount "73"]
[EventDate "1983.??.??"]

1. d4 Nf6 2. c4 g6 3. Nf3 Bg7 4. g3 d6 5. Bg2 O-O 6. O-O Nbd7 7. Qc2 c6 8. b3
Qc7 9. Bb2 Nb6 10. Nbd2 Bd7 11. e4 Rac8 12. c5 Na8 13. Nh4 b6 14. Rac1 dxc5 15.
dxc5 Rfe8 16. Nhf3 bxc5 17. Be5 Qb6 18. Nc4 Qb7 19. Nfd2 Nb6 20. Na5 Qa8 21.
Qxc5 Bf8 22. Rfd1 Be6 23. Qc2 Nfd7 24. Bb2 c5 25. Ndc4 Bxc4 26. Nxc4 Nxc4 27.
Qxc4 Rc7 28. e5 Nb6 29. Qe2 Qc8 30. a4 e6 31. a5 Nd7 32. Qe4 Qa6 33. Qa4 Rd8
34. Bf1 Qb7 35. Rd3 Be7 36. Rcd1 Qb8 37. Rxd7 1-0

[Event "Southfield (MEX/3)"]
[Site "?"]
[Date "1983.??.??"]
[Round "?"]
[White "Thomas, Carlton"]
[Black "Koster, Ed"]
[Result "1/2-1/2"]
[WhiteElo "2050"]
[BlackElo "2035"]
[PlyCount "84"]
[EventDate "1983.??.??"]

1. e4 e5 2. Nf3 Nc6 3. Bb5 Bc5 4. O-O Nf6 5. c3 O-O 6. d4 Bb6 7. Bg5 h6 8. Bh4
d6 9. dxe5 dxe5 10. Qc2 Qe7 11. Nbd2 g5 12. Bxc6 bxc6 13. Bg3 Nh5 14. Rac1 Nf4
15. Bxf4 gxf4 16. c4 a5 17. Qc3 f6 18. Nh4 Bd4 19. Qf3 Kh7 20. Rc2 Rg8 21. Nf5
Bxf5 22. exf5 Qd7 23. Qe4 Rab8 24. b3 Rg4 25. h3 Rg3 26. Kh1 Bxf2 27. Qe2 Qxf5
28. Qe4 Qxe4 29. Nxe4 Bd4 30. Nxg3 fxg3 31. Rxf6 a4 32. Rxc6 axb3 33. Rxc7+ Kg6
34. axb3 Rxb3 35. Rc1 e4 36. c5 e3 37. c6 e2 38. Re7 Be3 39. c7 Rc3 40. Re1 Bf2
41. R7xe2 Bxe1 42. Rxe1 Rxc7 1/2-1/2

[Event "East Detroit (MCO/5)"]
[Site "?"]
[Date "1983.??.??"]
[Round "?"]
[White "Thomas, Carlton"]
[Black "Holmes, J.."]
[Result "0-1"]
[WhiteElo "1965"]
[BlackElo "1680"]
[PlyCount "104"]
[EventDate "1983.??.??"]

1. d4 d5 2. c4 c6 3. Nf3 Nf6 4. Nc3 e6 5. Bg5 dxc4 6. a4 a6 7. e3 h6 8. Bh4
Nbd7 9. Bxc4 Nb6 10. Bd3 Be7 11. O-O Nbd5 12. Ne5 Nxc3 13. bxc3 Nd5 14. Bxe7
Qxe7 15. Bc2 Nxc3 16. Qd3 Nd5 17. Rab1 Nb4 18. Rxb4 Qxb4 19. f4 Qe7 20. Rf3 Bd7
21. Qb3 O-O-O 22. Rf1 Be8 23. Rb1 f6 24. Nc4 Qc7 25. Nb6+ Kb8 26. Bd3 Ka7 27.
Qc4 g5 28. Qc5 Kb8 29. Bxa6 Qd6 30. Qc3 Rh7 31. Nc4 Qd5 32. Na5 Ka7 33. Bd3 Rg7
34. Nb3 gxf4 35. e4 Qg5 36. Bf1 f3 37. Nc5 Rd6 38. Qxf3 Qd2 39. Qxf6 Rf7 40.
Rxb7+ Rxb7 41. Nxb7 Qxd4+ 42. Qxd4+ Rxd4 43. Nc5 Kb6 44. Nxe6 Rxe4 45. a5+ Kxa5
46. Nc7 Kb6 47. Nxe8 Rxe8 48. Kf2 Kc5 49. g4 Kd4 50. h4 c5 51. Be2 c4 52. Ke1
c3 0-1

[Event "East Detroit (MCO/5)"]
[Site "?"]
[Date "1983.??.??"]
[Round "?"]
[White "Theuerle, P.."]
[Black "Eagle, Chris"]
[Result "0-1"]
[WhiteElo "1690"]
[BlackElo "1860"]
[PlyCount "56"]
[EventDate "1983.??.??"]

1. e4 e5 2. Nf3 Nc6 3. a3 Nf6 4. Nc3 Bc5 5. b4 Bb6 6. d3 Ng4 7. Be3 Nxe3 8.
fxe3 Bxe3 9. Nd5 Bb6 10. Nxb6 axb6 11. Be2 O-O 12. O-O d6 13. h3 f5 14. Nd2 f4
15. c3 Rf6 16. Bg4 Rg6 17. Bxc8 Rxc8 18. Rf3 Ne7 19. Nf1 d5 20. Qb3 Kh8 21. Rd1
d4 22. c4 Qd7 23. b5 Rg5 24. Kh2 Ng6 25. Qb2 Nh4 26. Rf2 Rf8 27. Qd2 Rf6 28.
Ra1 Rxg2+ 0-1

[Event "East Detroit (MCO/6)"]
[Site "?"]
[Date "1983.??.??"]
[Round "?"]
[White "Theuerle, P.."]
[Black "Conklin, M.."]
[Result "0-1"]
[WhiteElo "1690"]
[BlackElo "1605"]
[PlyCount "94"]
[EventDate "1983.??.??"]

1. e4 c5 2. Bc4 Nc6 3. a3 e6 4. Nc3 Nf6 5. d3 h6 6. Nf3 d5 7. exd5 exd5 8. Bb5
Bd7 9. O-O Be7 10. Re1 O-O 11. h3 Qc7 12. Bxc6 Bxc6 13. Ne5 Bd6 14. f4 Rfe8 15.
Nxc6 bxc6 16. Rf1 Rab8 17. Qf3 d4 18. Ne4 Nxe4 19. dxe4 Re6 20. e5 Bf8 21. b3
f5 22. Bd2 a5 23. a4 Qb6 24. Qd3 g6 25. Rf3 Rb7 26. Rg3 Rg7 27. Qc4 Kf7 28. h4
Ke7 29. Qd3 Qc7 30. h5 Ke8 31. hxg6 Rexg6 32. Rxg6 Rxg6 33. Qxf5 Qg7 34. Qc8+
Kf7 35. Qh3 Rg3 36. Qh2 Ke6 37. Kf2 Rg4 38. Bxa5 Qg6 39. Kf3 h5 40. g3 Kd5 41.
Re1 c4 42. e6 Be7 43. Re5+ Kd6 44. Bb4+ Kc7 45. Bxe7 cxb3 46. cxb3 Rxf4+ 47.
Kxf4 Qg4# 0-1

[Event "East Detroit (MCO/2)"]
[Site "?"]
[Date "1983.??.??"]
[Round "?"]
[White "Theuerle, P.."]
[Black "Carroll, Deuvoy"]
[Result "0-1"]
[WhiteElo "1690"]
[BlackElo "1975"]
[PlyCount "76"]
[EventDate "1983.??.??"]

1. e4 Nf6 2. Nc3 e5 3. a3 d5 4. exd5 Nxd5 5. Qf3 Nf6 6. Bc4 Nc6 7. Nge2 Bg4 8.
Qe3 Bd6 9. f3 Bf5 10. d3 O-O 11. O-O Nd4 12. Qd2 Nh5 13. Ne4 Bg6 14. c3 Nc6 15.
Nxd6 Qxd6 16. Rd1 Rad8 17. b4 a6 18. Qg5 h6 19. Qh4 Ne7 20. Qf2 Qc6 21. Be3 b5
22. Bb3 Bxd3 23. Bc5 Rfe8 24. Rd2 Bxe2 25. Rxd8 Rxd8 26. Qxe2 Ng6 27. a4 Nhf4
28. Qc2 Nh4 29. Be7 Nxf3+ 30. Kh1 Nd2 31. Rg1 Rd7 32. Bxf7+ Kxf7 33. Qf5+ Kxe7
34. Qxe5+ Ne6 35. Re1 Ne4 36. h3 Nf6 37. axb5 axb5 38. Qg3 Kf7 0-1

[Event "East Detroit (MCO/3)"]
[Site "?"]
[Date "1983.??.??"]
[Round "?"]
[White "Tallosy, M.."]
[Black "Lungu, C.."]
[Result "1-0"]
[WhiteElo "1740"]
[BlackElo "1605"]
[PlyCount "47"]
[EventDate "1983.??.??"]

1. e4 c5 2. Nf3 d6 3. d4 cxd4 4. Nxd4 g6 5. Be3 Bg7 6. f4 Nf6 7. Nc3 Bg4 8. Be2
Bxe2 9. Qxe2 O-O 10. O-O-O Nc6 11. Kb1 Qc7 12. g4 e5 13. Ndb5 Qc8 14. f5 Nd4
15. Nxd4 exd4 16. Bxd4 Re8 17. Qf3 Qc6 18. fxg6 d5 19. exd5 Qd6 20. gxf7+ Kxf7
21. g5 Rf8 22. gxf6 Kg8 23. Rhg1 Rxf6 24. Bxf6 1-0

[Event "East Detroit (MCO/5)"]
[Site "?"]
[Date "1983.??.??"]
[Round "?"]
[White "Tallosy, M.."]
[Black "Kell, M.."]
[Result "0-1"]
[WhiteElo "1740"]
[BlackElo "2010"]
[PlyCount "110"]
[EventDate "1983.??.??"]

1. e4 c6 2. d4 d5 3. Nd2 dxe4 4. Nxe4 Bf5 5. Ng3 Bg6 6. h4 h6 7. Nf3 Nd7 8. h5
Bh7 9. Bd3 Bxd3 10. Qxd3 Qc7 11. Be3 Ngf6 12. O-O-O e6 13. Ne2 Bd6 14. g3 Ng4
15. Rh4 Ndf6 16. Nh2 Nxe3 17. Qxe3 O-O-O 18. d5 cxd5 19. Qxa7 Bc5 20. Qa8+ Kd7
21. Qa4+ Ke7 22. Ng4 Ra8 23. Qb3 Rhc8 24. Kb1 Ra6 25. Nxf6 gxf6 26. Rf4 Bd6 27.
Rf3 Rb6 28. Qc3 Rc6 29. Qxf6+ Ke8 30. Nd4 Rxc2 31. Qxf7+ Qxf7 32. Rxf7 Rxb2+
33. Kxb2 Kxf7 34. Re1 Re8 35. Re3 Bc5 36. Rf3+ Ke7 37. Ne2 Rf8 38. Rxf8 Kxf8
39. f3 Ke7 40. Kc2 Kf6 41. f4 Kf5 42. a4 Ke4 43. g4 Kf3 44. Kd3 Kxg4 45. Nc1
Kxf4 46. Nb3 Bb6 47. a5 Ba7 48. Kc3 e5 49. Kb4 e4 50. Kb5 d4 51. Nc5 Bxc5 52.
Kxc5 d3 53. Kb6 d2 54. Kxb7 d1=Q 55. a6 Ke5 0-1

[Event "Ann Arbor (MI Op/2)"]
[Site "?"]
[Date "1983.??.??"]
[Round "?"]
[White "Szczypka, Tom"]
[Black "Wygrecki, J.."]
[Result "1-0"]
[WhiteElo "1855"]
[BlackElo "2020"]
[PlyCount "129"]
[EventDate "1983.??.??"]

1. b3 e5 2. Bb2 Nc6 3. e3 d5 4. Bb5 f6 5. Nc3 a6 6. Be2 Bf5 7. g4 Bg6 8. d4
exd4 9. exd4 Qd6 10. Nf3 O-O-O 11. a3 f5 12. g5 h6 13. gxh6 Rxh6 14. Qd2 Nf6
15. O-O-O Ng4 16. Bd3 Nxh2 17. Ne5 Be7 18. Qf4 Rdh8 19. Bxf5+ Bxf5 20. Qxf5+
Qe6 21. Qxe6+ Rxe6 22. Nxd5 Bd6 23. f4 Rhh6 24. Rdg1 g6 25. Rg2 Ng4 26. Rxh6
Nxh6 27. Rxg6 Rxg6 28. Nxg6 Nf5 29. c3 Nd8 30. Kc2 Ne6 31. Bc1 c6 32. Nb6+ Kd8
33. Nc4 Bc7 34. Kd3 Ke8 35. Nce5 Ng3 36. Be3 Ng7 37. Bf2 N3f5 38. Nh4 Ke7 39.
Nxf5+ Nxf5 40. Ke4 Ke6 41. c4 Nd6+ 42. Kf3 Kf5 43. Ng4 Ba5 44. Ne3+ Kf6 45. b4
Bc7 46. d5 Ne8 47. Ng4+ Kf5 48. Ne3+ Kf6 49. Bh4+ Kf7 50. c5 cxd5 51. Nxd5 Bb8
52. Ke4 Ng7 53. Bf6 Nh5 54. Be5 Ng3+ 55. Kf3 Bxe5 56. fxe5 Nf1 57. Nf4 Nd2+ 58.
Ke3 Nc4+ 59. Kd4 Nxa3 60. Kd5 Nc2 61. Kd6 Nxb4 62. e6+ Ke8 63. e7 Nc6 64. Nd5
Nxe7 65. Nxe7 1-0

[Event "Ann Arbor (MI Op/4)"]
[Site "?"]
[Date "1983.??.??"]
[Round "?"]
[White "Szczypka, Tom"]
[Black "LaMar, Frank"]
[Result "0-1"]
[WhiteElo "1855"]
[BlackElo "1980"]
[PlyCount "78"]
[EventDate "1983.??.??"]

1. d4 d5 2. Bf4 Bf5 3. Nc3 Nf6 4. Qd2 e6 5. a3 Bd6 6. Bxd6 Qxd6 7. Nf3 Nc6 8.
h3 Ne4 9. Qe3 h6 10. Rd1 O-O 11. Nh4 Bh7 12. Nxe4 Bxe4 13. c4 Na5 14. Rc1 f5
15. c5 Qa6 16. Qc3 Qc4 17. Qxc4 dxc4 18. Ng6 Rfd8 19. e3 Nc6 20. Rxc4 Kf7 21.
Nh4 e5 22. dxe5 Nxe5 23. Rc1 g5 24. f4 Nd3+ 25. Bxd3 Rxd3 26. fxg5 hxg5 27. Nf3
Bxf3 28. gxf3 Rxe3+ 29. Kf2 Rae8 30. Rc2 Rb3 31. Rg1 Kf6 32. c6 b6 33. Rd1 Ree3
34. Rd7 Rxf3+ 35. Ke1 Rbe3+ 36. Kd2 Re7 37. Rc3 Rxc3 38. Kxc3 Rxd7 39. cxd7 Ke7
0-1

[Event "Ann Arbor (MI Op/7)"]
[Site "?"]
[Date "1983.??.??"]
[Round "?"]
[White "Szczypka, Tom"]
[Black "Everett, Morgan"]
[Result "0-1"]
[WhiteElo "1855"]
[BlackElo "2030"]
[PlyCount "83"]
[EventDate "1983.??.??"]

1. b3 e5 2. Bb2 Nc6 3. c4 Nf6 4. Nc3 d6 5. g3 g6 6. Bg2 Bg7 7. d3 O-O 8. Qd2
Bd7 9. Nf3 Ne7 10. d4 exd4 11. Nxd4 Nc6 12. e3 Re8 13. O-O Qc8 14. Rac1 Ne5 15.
Nd5 Bh3 16. Nxf6+ Bxf6 17. Rc2 Bxg2 18. Kxg2 Bg7 19. h3 Re7 20. Ba3 Qe8 21. Nb5
Re6 22. Nxc7 Qc6+ 23. Nd5 Nd7 24. Rd1 Rae8 25. Qa5 a6 26. Qc7 Rc8 27. Qxc6 bxc6
28. Nf4 Ree8 29. Bxd6 Nf6 30. Ba3 Ne4 31. Bb2 Rcd8 32. Rxd8 Rxd8 33. Bxg7 Kxg7
34. Ne2 Rd3 35. b4 h5 36. Nc1 Rd1 37. Nb3 g5 38. Na5 g4 39. hxg4 hxg4 40. Nxc6
Ng5 41. Nd4 Nh3 42. Ne2 0-1

[Event "East Detroit (MCO/3)"]
[Site "?"]
[Date "1983.??.??"]
[Round "?"]
[White "Swartz, J.."]
[Black "Pollock, A.."]
[Result "0-1"]
[WhiteElo "1605"]
[BlackElo "1605"]
[PlyCount "72"]
[EventDate "1983.??.??"]

1. d4 Nf6 2. Nf3 d5 3. c4 e6 4. a3 Be7 5. Nc3 O-O 6. Bg5 c6 7. e3 h6 8. Bh4 Ne4
9. Bxe7 Qxe7 10. cxd5 exd5 11. Rc1 Bg4 12. Be2 Nd7 13. Qc2 Ndf6 14. h3 Bf5 15.
O-O Qe6 16. Ne5 Ng3 17. fxg3 Bxc2 18. Rxc2 Rae8 19. g4 Nd7 20. g5 Nxe5 21. dxe5
hxg5 22. Bg4 Qxe5 23. Nd1 d4 24. Rf5 Qe4 25. Rcf2 dxe3 26. Re2 g6 27. Rxg5 Qd4
28. Nc3 f5 29. Rxg6+ Kh7 30. Rg5 fxg4 31. Rxg4 Qf6 32. Ne4 Qf1+ 33. Kh2 Qxe2
34. Rh4+ Kg6 35. Rg4+ Qxg4 36. hxg4 e2 0-1